Each NFL Team's Best QB - Statistics

General Stats
  • This quiz has been taken 46 times
    17 since last reset
  • The average score is 21 of 32
Answer Stats
Team Quarterback % Correct
Packers Brett Favre
100%
Lions Matthew Stafford
92%
Falcons Matt Ryan
92%
Panthers Cam Newton
85%
Saints Drew Brees
85%
49ers Joe Montana
85%
Broncos John Elway
85%
Cowboys Roger Staubach
85%
Seahawks Russel Wilson
85%
Dolphins Dan Marino
77%
Vikings Fran Tarkenton
77%
Bills Jim Kelly
77%
Jets Joe Namath
77%
Chiefs Patrick Mahomes
77%
Colts Peyton Manning
77%
Patriots Tom Brady
77%
Titans or Oilers Warren Moon
77%
Eagles Donovan McNabb
69%
Giants Eli Manning
69%
Ravens Joe Flacco
69%
Cardinals Kurt Warner
69%
Chargers Philip Rivers
69%
Steelers Ben Roethlisberger
62%
Browns Otto Graham
46%
Buccaneers Jameis Winston
38%
Bengals Ken Anderson
38%
Texans Matt Schaub
38%
Raiders Ken Stabler
31%
Jaguars Mark Brunell
15%
Bears Sid Luckman
15%
Rams Norm Van Brocklin
8%
RedsCommaTeam Sammy Baugh
8%
No matching quizzes found
Score Distribution
Percent of People with Each Score
Percentile by Number Answered
Your Score History
You have not taken this quiz since the last reset